Yesu Ki Tamseelen. (Record no. 8736)

MARC details
000 -LEADER
fixed length control field 00539nam a2200229 a 4500
020 ## - INTERNATIONAL STANDARD BOOK NUMBER
ISBN
082 00 - DEWEY DECIMAL CLASSIFICATION NUMBER
Classification number 226.8
Author Cutter RAI
100 ## - MAIN ENTRY--AUTHOR NAME
Author name Raibran, W M
245 ## - TITLE STATEMENT
Title Yesu Ki Tamseelen.
260 ## - PUBLICATION, DISTRIBUTION, ETC. (IMPRINT)
Place of publication Anbala
Name of publisher National Christian Council
Year of publication 1938
300 ## - PHYSICAL DESCRIPTION
Number of Pages 100p
500 ## - GENERAL NOTE
General note includes index and biblioraphy
505 2# - FORMATTED CONTENTS NOTE
Formatted contents note Appendix
650 ## - SUBJECT ADDED ENTRY--TOPICAL TERM
Topical Term Bible-Parables
942 ## - ADDED ENTRY ELEMENTS (KOHA)
Koha item type
Holdings
Home library Current library Date acquired Cost, normal purchase price Full call number Accession Number Koha item type
Henry Martyn Institute Library Henry Martyn Institute Library 06/20/2007 100.00 226.8 RAI 0957 Archive Book
                   Copyright © 2026 | Henry Martyn Institute | Hyderabad | TS-500052 | INDIA | Implemented by hmi.edu.in
Hit-Count:

Powered by Koha